Dictadura o democracia: Centroamérica en la encrucijada II
Guardado en:
| Formato: | Texto |
|---|---|
| Lenguaje: | Spanish |
| Materias: | |
| Etiquetas: |
Agregar Etiqueta
Sin Etiquetas, Sea el primero en etiquetar este registro!
|
MARC
| LEADER | 00000 a a2200000 04500 | ||
|---|---|---|---|
| 001 | 18054 | ||
| 003 | cru CIDCACS/IIS | ||
| 005 | 20191210110900.0 | ||
| 008 | 191210b ||||| |||| 00| 0 spa d | ||
| 999 | |c 31777 |d 31777 | ||
| 040 | |c cru CIDCACS/IIS | ||
| 245 | |a Dictadura o democracia: |b Centroamérica en la encrucijada II | ||
| 650 | |a DICTADURA | ||
| 650 | |a DEMOCRACIA | ||
| 650 | |a CENTROAMERICA | ||
| 773 | |g volumen 5, número 2; páginas 19-25 | ||
| 773 | 0 | |0 42391 |9 4069 |a Agencia Latinoamericana de Información, ALAI |d Quito, Ecuador: ALAI |o 04113 |t ALAI: |x 08275564 (Servicio mensual de información y documentación) | |
| 942 | |2 ddc |c PP | ||
